|
|
|
|
| LEADER |
00000nam2a2200000 4500 |
| 001 |
63665 |
| 005 |
20231031064624.0 |
| 010 |
|
|
|a 5020271489
|
| 035 |
|
|
|a (RuTPU)RU\TPU\book\67564
|
| 090 |
|
|
|a 63665
|
| 100 |
|
|
|a 20040519d2005 m y0rusy50 ca
|
| 101 |
0 |
|
|a rus
|
| 102 |
|
|
|a RU
|
| 105 |
|
|
|a y z 000eb
|
| 200 |
0 |
|
|a Кн. 1: 1852-1874
|
| 210 |
|
|
|d 2005
|
| 215 |
|
|
|a 532 с.
|
| 461 |
|
1 |
|0 (RuTPU)RU\TPU\book\98831
|t Письма к Тургеневу
|f П. В. Анненков
|v Кн. 1: 1852-1874
|d 2005-
|s Литературные памятники
|
| 600 |
|
1 |
|a Анненков
|b П. В.
|c литературный критик
|c мемуарист
|f 1813-1887
|g Павел Васильевич
|2 stltpush
|3 (RuTPU)RU\TPU\pers\14369
|
| 600 |
|
1 |
|a Тургенев
|g Иван Сергеевич
|b И. С.
|f 1818-1883
|c русский писатель
|2 stltpui
|3 (RuTPU)RU\TPU\pers\1039
|
| 610 |
1 |
|
|a литература
|
| 610 |
1 |
|
|a литературоведение
|
| 610 |
1 |
|
|a русская литература
|
| 610 |
1 |
|
|a 19 век
|
| 610 |
1 |
|
|a история
|
| 610 |
1 |
|
|a письма
|
| 610 |
1 |
|
|a русские писатели
|
| 610 |
1 |
|
|a переписка
|
| 801 |
|
1 |
|a RU
|b 63413507
|c 20040519
|g PSBO
|
| 801 |
|
2 |
|a RU
|b 63413507
|c 20060323
|g PSBO
|
| 942 |
|
|
|c BK
|